000 00532nam a22001697a 4500
005 20231113115748.0
008 231113b |||||||| |||| 00| 0 eng d
020 _a978040901244 ; 9780409012453
041 _aEnglish
082 _a345.5 BER
100 _lEnglish
245 _aCriminal Procedure in the Magistrate's Court :
_bA practical guide /
_cE Bertelsmann et al.
260 _aDurban :
_bLexisNexis,
_c2004
300 _bviii,
_c26 cm.
650 _aLegal practice
_bLaw
942 _cBK
_6ALISON_BN_VRIES
999 _c564
_d564